Historia física y política de Chile: botánica
Saved in:
| Hovedforfatter: | |
|---|---|
| Format: | Bog |
| Sprog: | spansk |
| Udgivet: |
Santiago, Chile
Cámara Chilena de la Construcción
2007
Santiago, Chile Pontificia Universidad Católica de Chile 2007 Santiago, Chile Biblioteca Nacional 2007 |
| Serier: | Biblioteca Fundamentos de la Construcción de Chile,
12-19 |
| Fag: | |
| Tags: |
Tilføj Tag
Ingen Tags, Vær først til at tagge denne postø!
|
MARC
| LEADER | 00000nam a2200000 a 4500 | ||
|---|---|---|---|
| 001 | UCI9316 | ||
| 003 | CL-VaPUC | ||
| 005 | 20250121152149.0 | ||
| 008 | 081113e20070000cl |||||||||||||||||spa|d | ||
| 999 | |c 331878 |d 331876 | ||
| 020 | |a 9789568306083 (o.c) | ||
| 020 | |a 9789568306281 (t.1) | ||
| 020 | |a 9789568306298 (t.2) | ||
| 020 | |a 9789568306434 (t.3) | ||
| 020 | |a 9789568306441 (t.4) | ||
| 020 | |a 9789568306458 (t.5) | ||
| 020 | |a 9789568306519 (t.6) | ||
| 020 | |a 9789568306526 (t.7) | ||
| 020 | |a 9789568306533 (t.8) | ||
| 040 | |c Pontificia Universidad Católica de Valparaíso | ||
| 082 | 0 | 4 | |a 580.983 GAY 2007 |2 21 |
| 100 | |a Gay, Claudio, |e 1800-1873 |9 435569 | ||
| 245 | 1 | 0 | |a Historia física y política de Chile: |b botánica |
| 260 | |a Santiago, Chile |b Cámara Chilena de la Construcción |c 2007 | ||
| 260 | |a Santiago, Chile |b Pontificia Universidad Católica de Chile |c 2007 | ||
| 260 | |a Santiago, Chile |b Biblioteca Nacional |c 2007 | ||
| 300 | |a 8 tomos | ||
| 490 | 0 | |a Biblioteca Fundamentos de la Construcción de Chile, |v 12-19 | |
| 583 | |a last modification |c 20130724 05:27:31 |k Rodrigo Vera | ||
| 650 | 0 | |a Botánica |z CHILE |9 264202 | |
| 650 | 0 | |a Historia natural |z CHILE |9 268584 | |
| 650 | 0 | |a Historia de Chile |9 265473 | |
| 852 | |a BIBCUR | ||
| 942 | |c BK |2 ddc | ||
| 945 | |d 20081113 00:00:00 | ||
| 952 | |0 0 |1 0 |2 ddc |4 0 |6 580_983000000000000_GAY_2007_2007_2007 |7 0 |8 A |9 419068 |a BIBHIS |b BIBHIS |d 2019-11-22 |h t.1 |i 4495985 |o 580.983 GAY 2007 2007 2007 |p 4495985 |r 2025-01-20 |t 1 |w 2019-11-22 |y BK |k HIS | ||
| 952 | |0 0 |1 0 |2 ddc |4 0 |6 580_983000000000000_GAY_2007_2007_2007 |7 0 |8 A |9 419069 |a BIBHIS |b BIBHIS |d 2019-11-22 |h t.2 |i 4495993 |o 580.983 GAY 2007 2007 2007 |p 4495993 |r 2025-01-20 |t 1 |w 2019-11-22 |y BK |k HIS | ||
| 952 | |0 0 |1 0 |2 ddc |4 0 |6 580_983000000000000_GAY_2007_2007_2007 |7 0 |8 A |9 419070 |a BIBHIS |b BIBHIS |d 2019-11-22 |h t.3 |i 4496000 |o 580.983 GAY 2007 2007 2007 |p 4496000 |r 2025-01-20 |t 1 |w 2019-11-22 |y BK |k HIS | ||
| 952 | |0 0 |1 0 |2 ddc |4 0 |6 580_983000000000000_GAY_2007_2007_2007 |7 0 |8 A |9 419071 |a BIBHIS |b BIBHIS |d 2019-11-22 |h t.4 |i 4496019 |o 580.983 GAY 2007 2007 2007 |p 4496019 |r 2025-01-20 |t 1 |w 2019-11-22 |y BK |k HIS | ||
| 952 | |0 0 |1 0 |2 ddc |4 0 |6 580_983000000000000_GAY_2007_2007_2007 |7 0 |8 A |9 419072 |a BIBHIS |b BIBHIS |d 2019-11-22 |h t.5 |i 4496027 |o 580.983 GAY 2007 2007 2007 |p 4496027 |r 2025-01-20 |t 1 |w 2019-11-22 |y BK |k HIS | ||
| 952 | |0 0 |1 0 |2 ddc |4 0 |6 580_983000000000000_GAY_2007_2007_2007 |7 0 |8 A |9 419073 |a BIBHIS |b BIBHIS |d 2019-11-22 |h t.6 |i 4496035 |o 580.983 GAY 2007 2007 2007 |p 4496035 |r 2025-01-20 |t 1 |w 2019-11-22 |y BK |k HIS | ||
| 952 | |0 0 |1 0 |2 ddc |4 0 |6 580_983000000000000_GAY_2007_2007_2007 |7 0 |8 A |9 419074 |a BIBHIS |b BIBHIS |d 2019-11-22 |h t.7 |i 4496043 |o 580.983 GAY 2007 2007 2007 |p 4496043 |r 2025-01-20 |t 1 |w 2019-11-22 |y BK |k HIS | ||
| 952 | |0 0 |1 0 |2 ddc |4 0 |6 580_983000000000000_GAY_2007_2007_2007 |7 0 |8 A |9 419075 |a BIBHIS |b BIBHIS |d 2019-11-22 |h t.8 |i 4496051 |o 580.983 GAY 2007 2007 2007 |p 4496051 |r 2025-01-20 |t 1 |w 2019-11-22 |y BK |k HIS | ||
| 952 | |0 0 |1 0 |2 ddc |4 0 |6 580_983000000000000_GAY_2007_2007_2007 |7 0 |8 A |9 419076 |a BIBHIS |b BIBHIS |d 2019-11-22 |h t.1 |i 4781708 |o 580.983 GAY 2007 2007 2007 |p 4781708 |r 2025-01-20 |t 2 |w 2019-11-22 |y BK |k HIS | ||
| 952 | |0 0 |1 0 |2 ddc |4 0 |6 580_983000000000000_GAY_2007_2007_2007 |7 0 |8 A |9 419077 |a BIBHIS |b BIBHIS |d 2019-11-22 |h t.2 |i 4781716 |o 580.983 GAY 2007 2007 2007 |p 4781716 |r 2025-01-20 |t 2 |w 2019-11-22 |y BK |k HIS | ||
| 952 | |0 0 |1 0 |2 ddc |4 0 |6 580_983000000000000_GAY_2007_2007_2007 |7 0 |8 A |9 419078 |a BIBHIS |b BIBHIS |d 2019-11-22 |h t.3 |i 4781449 |o 580.983 GAY 2007 2007 2007 |p 4781449 |r 2025-01-20 |t 2 |w 2019-11-22 |y BK |k HIS | ||
| 952 | |0 0 |1 0 |2 ddc |4 0 |6 580_983000000000000_GAY_2007_2007_2007 |7 0 |8 A |9 419079 |a BIBHIS |b BIBHIS |d 2019-11-22 |h t.4 |i 4781457 |o 580.983 GAY 2007 2007 2007 |p 4781457 |r 2025-01-20 |t 2 |w 2019-11-22 |y BK |k HIS | ||
| 952 | |0 0 |1 0 |2 ddc |4 0 |6 580_983000000000000_GAY_2007_2007_2007 |7 0 |8 A |9 419080 |a BIBHIS |b BIBHIS |d 2019-11-22 |h t.5 |i 4781465 |o 580.983 GAY 2007 2007 2007 |p 4781465 |r 2025-01-20 |t 2 |w 2019-11-22 |y BK |k HIS | ||
| 952 | |0 0 |1 0 |2 ddc |4 0 |6 580_983000000000000_GAY_2007_2007_2007 |7 0 |8 A |9 419081 |a BIBHIS |b BIBHIS |d 2019-11-22 |h t.6 |i 4781473 |o 580.983 GAY 2007 2007 2007 |p 4781473 |r 2025-01-20 |t 2 |w 2019-11-22 |y BK |k HIS | ||
| 952 | |0 0 |1 0 |2 ddc |4 0 |6 580_983000000000000_GAY_2007_2007_2007 |7 0 |8 A |9 419082 |a BIBHIS |b BIBHIS |d 2019-11-22 |h t.7 |i 4781481 |o 580.983 GAY 2007 2007 2007 |p 4781481 |r 2025-01-20 |t 2 |w 2019-11-22 |y BK |k HIS | ||
| 952 | |0 0 |1 0 |2 ddc |4 0 |6 580_983000000000000_GAY_2007_2007_2007 |7 0 |8 A |9 419083 |a BIBHIS |b BIBHIS |d 2019-11-22 |h t.8 |i 478149K |o 580.983 GAY 2007 2007 2007 |p 478149K |r 2025-01-20 |t 2 |w 2019-11-22 |y BK |k HIS | ||